Друзья: Роман

Библиографические подробности
Главный автор: Беркеши А. Андраш
Другие авторы: Вольский С. В. (переводчик), Плаксин Д. М. (иллюстратор)
Примечания:Исключено из фонда НТБ ТПУ
Язык:русский
Опубликовано: Ленинград, Лениздат, 1989
Серии:Библиотека литератур стран социалистического содружества
Современная венгерская проза
Формат: Книга
Запись в KOHA:https://koha.lib.tpu.ru/cgi-bin/koha/opac-detail.pl?biblionumber=124712

MARC

LEADER 00000nam0a2200000 4500
001 124712
005 20231031131111.0
010 |a 5289004440 
020 |a RU  |b 89-60040 
035 |a (RuTPU)RU\TPU\book\134965 
090 |a 124712 
100 |a 20071107d1989 m y0rusy5003 ca 
101 0 |a rus  |c hun 
102 |a RU 
105 |a a z 000ay 
200 1 |a Друзья  |e Роман  |f А. Беркеши  |g пер. с венгерского С. В. Вольский ; худож. Д. М. Плаксин 
210 |a Ленинград  |c Лениздат  |d 1989 
215 |a 399,[1] с.  |c ил.  |d 21 см 
225 1 |a Библиотека литератур стран социалистического содружества 
225 1 |a Современная венгерская проза 
333 |a Исключено из фонда НТБ ТПУ 
700 1 |a Беркеши  |b А.  |g Андраш  |4 070 
702 1 |a Вольский  |b С. В.  |4 730 
702 1 |a Плаксин  |b Д. М.  |4 440 
801 0 |a RU  |b RuMRKP  |c 19950417  |g psbo 
801 1 |a RU  |b 63413507  |c 20071107  |g PSBO 
801 2 |a RU  |b 63413507  |c 20170905  |g PSBO 
942 |c BK